Statistics for Fish... or Not a Fish?

Click here to take the quiz!

General Stats

  • This quiz has been taken 12,909 times
  • The average score is 16 of 22

Answer Stats

Question Answer % Correct
CatfishFish
95%
OctopusNot
88%
TadpoleNot
87%
Sea urchinNot
87%
GuppyFish
87%
ShellfishNot
85%
ManateeNot
84%
JellyfishNot
84%
LionfishFish
83%
StarfishNot
82%
PorpoiseNot
81%
StonefishFish
81%
Sea snakeNot
77%
CrayfishNot
73%
Whale sharkFish
73%
LungfishFish
68%
LampreyFish
61%
EelFish
58%
SilverfishNot
58%
Manta rayFish
56%
CuttlefishNot
52%
SeahorseFish
35%

Score Distribution

Percentile by Number Answered

Percent of People with Each Score

Your Score History

You have not taken this quiz